000 00921nam a2200253Ia 4500
003 OSt
005 20220923220111.0
006 a|||||r|||| 00| 0
007 ta
008 220922b |||||||| |||| 00| 0 hin d
024 _a184,286
037 _cTextual
040 _aARTS
_cARTS
_bhin
041 _2hin
_ahin
082 _aO152,2:g, J5
100 _aरामचरण, महेन्द्र
_9156292
245 0 _aहिन्दी नाटक के सिद्धान्त और नाटककार
246 _aHindī nāṭak ke siddhānta aur nāṭakakāra
260 _aआगरा
_b सरस्वती पुस्तक सदन प्रकाशन
_c1955
300 _a268 पृ.
_ccm.
650 _aहिन्दी साहित्य
_9156264
942 _hO152,2:g, J5
_cTEXL
_2CC
999 _c337570
_d337570